000 00521nam a2200181Ia 4500
005 20250508162752.0
008 008 250505s9999 xx 000 0 eng d
037 _aTextual
040 _aFEDL
_beng
_cFEDL
041 _aeng
_2eng
084 _a351.724 4, PAG
_qFEDL
100 _aPagare Dinkar
_9257046
245 0 _aLaw and practice of income - tax
260 _aNew Delhi, India
_bSultan Chand and Sons
_c1991
300 _axiv,556p
942 _cTEXL
_h351.724 4, PAG
999 _c1378602
_d1378602